Obálka Náhled e-knihy:
Epub
Pro půjčování e-knih musíte být přihlášeni.
Jak si půjčit online?

Smrtka /

Úvodní díl dystopické série ze světa, v němž se přirozenou cestou neumírá - a tak se musí umírat jinak.

Uloženo v:
Série:Smrtka, část 1
Hlavní autor: Shusterman, Neal, 1962- (Autor)
Další autoři: Kotrle, Petr, 1967- (Autor)
Médium: E-kniha
Jazyk:Czech
Vydáno: Praha : Euromedia Group, 2022
Vydání:Vydání druhé
Edice:Yoli
Témata:
Příbuzné jednotky:Z cyklu:: Smrtka
Tagy:
Žádné tagy
LEADER 02825nam a2200553 i 4500
001 310980
003 CZ PrSKC
005 20260601215657.0
007 ta
008 220222s2022 xr d 000 f cze
015 |a cnb003376408 
020 |a 9788024279237  |q (brožováno) 
035 |a (OCoLC)1505964571 
040 |a ABG001  |b cze  |d ABA001  |e rda 
041 1 |a cze  |h eng 
072 7 |a 821.111(73)-3  |x Americká próza  |2 Konspekt 
072 7 |a 821-93  |x Literatura pro děti a mládež (beletrie)  |2 Konspekt 
080 |a 821.111(73)-31  |2 MRF 
080 |a 821-93-053.67  |2 MRF 
080 |a 821-93  |2 MRF 
080 |a (0:82-313.2)  |2 MRF 
100 1 |a Shusterman, Neal,  |d 1962-  |7 xx0201653  |4 aut 
240 1 0 |a Scythe.  |l Česky 
245 1 0 |a Smrtka /  |c Neal Shusterman ; přeložil Petr Kotrle 
250 |a Vydání druhé 
264 1 |a Praha :  |b Euromedia Group,  |c 2022 
300 |a 382 stran ;  |c 20 cm 
336 |a text  |b txt  |2 rdacontent 
337 |a bez média  |b n  |2 rdamedia 
338 |a svazek  |b nc  |2 rdacarrier 
490 1 |a Yoli 
500 |a Přeloženo z angličtiny 
520 2 |a Úvodní díl dystopické série ze světa, v němž se přirozenou cestou neumírá - a tak se musí umírat jinak.  |b Ve světě budoucnosti lidstvo zvítězilo nad nemocí, stárnutím a nakonec i nad smrtí. Nikdo neumírá a Zemi hrozí přelidnění. Jedinými, kdo může ukončit život, jsou tak "smrtky". Dva mladí lidé, Citra a Rowan, jsou vybráni, aby se stali učedníky tohoto řemesla - což je role, po níž ani jeden z nich netouží. Musí si osvojit "umění" brát život, a přitom mít na paměti, že když se jim to nepodaří, mohou vlastní život ztratit. Okolnosti je postaví proti sobě a brzy je jasné, že pokud jeden z nich vyhraje, druhý musí zemřít... Za dokonalý svět je třeba zaplatit vysokou cenu. Nakladatelská anotace. Kráceno. 
655 7 |a americké romány  |7 fd131796  |2 czenas 
655 7 |a antiutopické romány  |7 fd1151354  |2 czenas 
655 7 |a literatura young adult  |7 fd1185572  |2 czenas 
655 7 |a publikace pro mládež  |7 fd133157  |2 czenas 
655 9 |a American fiction  |2 eczenas 
655 9 |a dystopian novels  |2 eczenas 
655 9 |a young adult literature  |2 eczenas 
655 9 |a juvenile literature  |2 eczenas 
700 1 |a Kotrle, Petr,  |d 1967-  |7 mzk2003187206  |4 trl 
787 0 8 |i Z cyklu:  |t Smrtka  |g 1 
830 0 |a Yoli 
900 |a ABA001  |b 20 
044 |a xr 
910 |a RBIT002 
998 |d 180221  |a https://core.palmknihy.cz/api/books/180221/cover?suwsly  |b https://core.palmknihy.cz/api/books/180221/cover/400?suwsly  |c https://core.palmknihy.cz/api/books/180221/cover/50?suwsly  |e 2026-09-26  |g 384  |i 9788024279237  |j https://core.palmknihy.cz/api/books/180221/preview.epub  |l   |q 49  |r 1  |s https://www.palmknihy.cz/kniha/180221  |t ebook  |y 2022  |z 0  |v Smrtka  |w 1 
999 |d 310978